Newspaper design : (Registro nro. 323057)

Detalles MARC
000 -ENCABEZADO
Número de control [NR] 00939nam a22002417a 4500
005 - FECHA Y HORA DE LA ÚLTIMA TRANSACCIÓN
control field 20230823155210.0
008 - DE LONGITUD FIJA DE DATOS DE ELEMENTOS - INFORMACIÓN GENERAL
Elementos de longitud fija [NR] 230823b ||||| |||| 00| 0 eng d
020 ## - NUMERO INTERNACIONAL NORMALIZADO PARA LIBROS [R]
Número Internacional Normalizado del libro [NR] 9783899555363
020 ## - NUMERO INTERNACIONAL NORMALIZADO PARA LIBROS [R]
Número Internacional Normalizado del libro [NR] 3899555368
040 ## - FUENTE DE CATALOGACION [NR]
Agencia de catalogación original [NR] CO-BoUCM
Quien Cataloga David Moreno
Quien Clasifica David Moreno
041 ## - CODIGO DE IDIOMA [R]
Código de idioma para texto/pista de sonido o título separado [R] Inglés
245 00 - MENCION DE TITULO [NR]
Título [NR] Newspaper design :
Parte restante del título [NR] editorial design from the world's best newsrooms /
Mención de responsabilidad, etc. [NR] Gestalten ; edited by Robert Klanten and Anja Kouznetsova ; co-edited by Javier Errea.
260 ## - PUBLICACION, DISTRIBUCION, ETC. (PIE DE IMPRENTA) [R]
Lugar de publicación, distribución, etc. [R] Berlin
Nombre del editor, distribuidor, etc. [R] Gestalten
Fecha de publicación, distribución, etc. [R] 2018.
300 ## - DESCRIPCION FISICA [R]
Extensión [R] 283 Paginas
Otros detalles físicos [NR] ilustraciones
650 17 - ASIENTO SECUNDARIO DE MATERIA - TERMINO TEMATICO [R]
Término temático o nombre geográfico como elemento de entrada [NR] Diseño de periódicos
9 (RLIN) 178538
650 17 - ASIENTO SECUNDARIO DE MATERIA - TERMINO TEMATICO [R]
Término temático o nombre geográfico como elemento de entrada [NR] Maquetación y tipografía de periódico
9 (RLIN) 178539
700 1# - ASIENTO SECUNDARIO - NOMBRE PERSONAL [R]
Nombre personal [NR] Klanten, Robert,
Término de relación [R] editor
9 (RLIN) 178409
700 1# - ASIENTO SECUNDARIO - NOMBRE PERSONAL [R]
Nombre personal [NR] Kouznetsova, Anja
Término de relación [R] editor
9 (RLIN) 178540
700 1# - ASIENTO SECUNDARIO - NOMBRE PERSONAL [R]
Nombre personal [NR] Errea, Javier
Término de relación [R] editor
9 (RLIN) 178541
710 2# - ASIENTO SECUNDARIO - NOMBRE CORPORATIVO [R]
Nombre corporativo o de jurisdicción como elemento de entrada [NR] Gestalten Verlag
Término de relación [R] editor
9 (RLIN) 178542
942 ## - ELEMENTOS DE ENTRADA AGREGADOS (KOHA)
Sistema de clasificación DEWEY
Tema principal Arte
Tipo de ítem principal el descrito en 300a Libro
Edición 1
Clasificación 745.4
Parte restante de la signatura top. N558n
Título oculto en OPAC No
Existencias
Fecha de último préstamo Total préstamos Total Renewals Signatura topográfica Código de barras Última vez visto Ejemplar Costo de reposición Price effective from Tipo de ítem Perdido Sistema de clasificación Dañado No prestable Tipo de ítem específico Suprimido Ubicación habitual Ubicación actual Localización Fecha de creación Forma de adquisición Costo
11/02/2026 2 3 745.4 N558n 100171767 29/05/2026 Ej.1 223488.00 23/08/2023 Libro   DEWEY     Libro   Claustro Claustro 2do piso 23/08/2023 Compra 223488.00